MARC details
| 000 -LEADER |
| fixed length control field |
04065cam a22005297i 4500 |
| 001 - CONTROL NUMBER |
| control field |
on1403846180 |
| 003 - CONTROL NUMBER IDENTIFIER |
| control field |
OCoLC |
| 005 - DATE AND TIME OF LATEST TRANSACTION |
| control field |
20240620195746.0 |
| 006 - FIXED-LENGTH DATA ELEMENTS--ADDITIONAL MATERIAL CHARACTERISTICS |
| fixed length control field |
m o d |
| 007 - PHYSICAL DESCRIPTION FIXED FIELD--GENERAL INFORMATION |
| fixed length control field |
cr cnu---mpcba |
| 008 - FIXED-LENGTH DATA ELEMENTS--GENERAL INFORMATION |
| fixed length control field |
231016t20232023aca gob 000 0 eng d |
| 040 ## - CATALOGING SOURCE |
| Original cataloging agency |
ANV |
| Language of cataloging |
eng |
| Description conventions |
rda |
| Transcribing agency |
ANV |
| Modifying agency |
OCLCO |
| -- |
JSTOR |
| -- |
OCLCO |
| 020 ## - INTERNATIONAL STANDARD BOOK NUMBER |
| International Standard Book Number |
9781760466169 |
| Qualifying information |
(electronic bk.) |
| 020 ## - INTERNATIONAL STANDARD BOOK NUMBER |
| International Standard Book Number |
1760466166 |
| Qualifying information |
(electronic bk.) |
| 020 ## - INTERNATIONAL STANDARD BOOK NUMBER |
| Canceled/invalid ISBN |
9781760466152 |
| Qualifying information |
(paperback) |
| 035 ## - SYSTEM CONTROL NUMBER |
| System control number |
(OCoLC)1403846180 |
| 037 ## - SOURCE OF ACQUISITION |
| Stock number |
22573/cats13303450 |
| Source of stock number/acquisition |
JSTOR |
| 050 #4 - LIBRARY OF CONGRESS CALL NUMBER |
| Classification number |
LB2376.6 |
| 100 1# - MAIN ENTRY--PERSONAL NAME |
| Personal name |
Kent, Anna, |
| Relator term |
author. |
| 245 10 - TITLE STATEMENT |
| Title |
Mandates and missteps : |
| Remainder of title |
Australian government scholarships to the Pacific - 1948 to 2018 / |
| Statement of responsibility, etc. |
Anna Kent. |
| 264 #1 - PRODUCTION, PUBLICATION, DISTRIBUTION, MANUFACTURE, AND COPYRIGHT NOTICE |
| Place of production, publication, distribution, manufacture |
Canberra, ACT : |
| Name of producer, publisher, distributor, manufacturer |
ANU Press, |
| Date of production, publication, distribution, manufacture, or copyright notice |
[2023] |
| 264 #4 - PRODUCTION, PUBLICATION, DISTRIBUTION, MANUFACTURE, AND COPYRIGHT NOTICE |
| Date of production, publication, distribution, manufacture, or copyright notice |
© 2023 |
| 300 ## - PHYSICAL DESCRIPTION |
| Extent |
1 online resource (xviii, 246 pages) |
| 336 ## - CONTENT TYPE |
| Content type term |
text |
| Content type code |
txt |
| Source |
rdacontent |
| 337 ## - MEDIA TYPE |
| Media type term |
computer |
| Media type code |
n |
| Source |
rdamedia |
| 338 ## - CARRIER TYPE |
| Carrier type term |
online resource |
| Carrier type code |
nc |
| Source |
rdacarrier |
| 490 1# - SERIES STATEMENT |
| Series statement |
Pacific series |
| 505 0# - FORMATTED CONTENTS NOTE |
| Formatted contents note |
Introduction -- Part 1: 1948-1957. 1. Before the beginning -- 2. Administrative labyrinths -- Part 2: 1958-1970. 3. Uncertain decolonisation -- 4. Gradual development -- Part 3: 1971-1983. 5. Radical subsidies -- 6. Independence for Papua New Guinea -- Part 4: 1984-1996. 7. Goldring, Jackson and the fight for the future of international education -- 8. Centring the power -- Part 5: 1997-2018. 9. Multiple objectives for scholarships and aid -- 10. Diplomacy or development? -- Conclusion. |
| 520 1# - SUMMARY, ETC. |
| Summary, etc. |
Mandates and Missteps is the first comprehensive history of Australian government scholarships to the Pacific, from the first scheme in 1948 to the Australia Awards of 2018. The study of scholarships provides a window into foreign and education policy making, across decades, and the impact such policies have had on individuals and communities. This work demonstrates the broad role these scholarships have played in bilateral relationships between Australia and Pacific Island territories and countries. The famed Colombo Plan is here put in its proper context within international aid and international education history. Australian scholarship programs, it is argued, ultimately reflect Australia, and its perception of itself as a nation in the Pacific, more than the needs of Pacific Island nations. Mandates and Missteps traces Australia's role as both a coloniser in TPNG and a participant in the process of decolonisation across the Pacific. This study will be of interest to students and scholars of international development, international education and foreign policy. |
| 504 ## - BIBLIOGRAPHY, ETC. NOTE |
| Bibliography, etc. note |
Includes bibliographical references. |
| 542 ## - INFORMATION RELATING TO COPYRIGHT STATUS |
| Note |
Unless stated otherwise, the author retains copyright to their work while ANU Press retains exclusive worldwide rights for the distribution of the book. From 2018, the majority of ANU Press titles are published under a Creative Commons licence (CC BY-NC-ND; creativecommons.org/licenses/by-nc-nd/4.0/), which broadens the ways in which works can be used and distributed. Please refer to the copyright page of each book for more information on a specific title's copyright licensing. |
| 590 ## - LOCAL NOTE (RLIN) |
| Local note |
JSTOR |
| Provenance (VM) [OBSOLETE] |
Books at JSTOR Open Access |
| 650 #0 - SUBJECT ADDED ENTRY--TOPICAL TERM |
| Topical term or geographic name entry element |
Educational assistance |
| Geographic subdivision |
Islands of the Pacific |
| General subdivision |
History |
| Chronological subdivision |
20th century. |
| 650 #0 - SUBJECT ADDED ENTRY--TOPICAL TERM |
| Topical term or geographic name entry element |
Pacific Islanders |
| General subdivision |
Education |
| Geographic subdivision |
Australia. |
| 650 #0 - SUBJECT ADDED ENTRY--TOPICAL TERM |
| Topical term or geographic name entry element |
Scholarships |
| Geographic subdivision |
Australia. |
| 650 #0 - SUBJECT ADDED ENTRY--TOPICAL TERM |
| Topical term or geographic name entry element |
Students, Foreign |
| Geographic subdivision |
Australia. |
| 651 #0 - SUBJECT ADDED ENTRY--GEOGRAPHIC NAME |
| Geographic name |
Australia |
| General subdivision |
Foreign economic relations |
| Geographic subdivision |
Islands of the Pacific. |
| 650 #6 - SUBJECT ADDED ENTRY--TOPICAL TERM |
| Topical term or geographic name entry element |
Aide à l'éducation |
| Geographic subdivision |
Pacifique, Îles du |
| General subdivision |
Histoire |
| Chronological subdivision |
20e siècle. |
| 650 #6 - SUBJECT ADDED ENTRY--TOPICAL TERM |
| Topical term or geographic name entry element |
Océaniens |
| General subdivision |
Éducation |
| Geographic subdivision |
Australie. |
| 650 #6 - SUBJECT ADDED ENTRY--TOPICAL TERM |
| Topical term or geographic name entry element |
Bourses d'études |
| Geographic subdivision |
Australie. |
| 651 #6 - SUBJECT ADDED ENTRY--GEOGRAPHIC NAME |
| Geographic name |
Australie |
| General subdivision |
Relations économiques extérieures |
| Geographic subdivision |
Pacifique, Îles du. |
| 710 2# - ADDED ENTRY--CORPORATE NAME |
| Corporate name or jurisdiction name as entry element |
Australian National University Press, |
| Relator term |
publisher. |
| Authority record control number or standard number |
http://id.loc.gov/authorities/names/nb2018017990 |
| 830 #0 - SERIES ADDED ENTRY--UNIFORM TITLE |
| Uniform title |
Pacific series. |
| Authority record control number or standard number |
http://id.loc.gov/authorities/names/no2018172245 |
| 856 40 - ELECTRONIC LOCATION AND ACCESS |
| Uniform Resource Identifier |
<a href="https://www.jstor.org/stable/10.2307/jj.13316142">https://www.jstor.org/stable/10.2307/jj.13316142</a> |
| 942 ## - ADDED ENTRY ELEMENTS (KOHA) |
| Koha item type |
E-Book |
| 994 ## - |
| -- |
92 |
| -- |
PHURS |